000 00693nam a2200265Ia 4500
005 20260121171248.0
008 008 260114s9999 xx 000 0 eng d
020 _a9789811335945
037 _aEBOOK
040 _aCRL
040 _beng
040 _cCRL
041 _2eng
041 _aeng
084 _qCRL
100 _aShiro Hori, Yukari Takamura, Toshiyuki Fujita, Norichika Kanie
_91074059
245 0 _aInternational Development and the Environment
260 _bSpringer
260 _bSpringer
260 _c2020
856 _uhttps://link.springer.com/openurl?genre=book&isbn=978-981-13-3594-5
942 _cEBOOK
999 _c1639789
_d1639789